[Event "III Open A"]
[Site "Livigno ITA"]
[Date "2012.09.14"]
[Round "6"]
[White "Franciosi, Fausto"]
[Black "Krumm, Johannes"]
[WhiteElo "2074"]
[BlackElo "2033"]
[Result "1/2-1/2"]
[PlyCount "39"]
[EventDate "2012.09.10"]

1. d4 d5 2. c4 c6 3. Nc3 Nf6 4. cxd5 cxd5 5. Bf4 Nc6 6. e3 Bf5 7. Qb3 Na5 8.
Bb5+ Bd7 9. Qa4 Nc6 10. Nf3 e6 11. O-O a6 12. Be2 Be7 13. h3 O-O 14. Rfc1 Na5
15. Qd1 Rc8 16. Ne5 Nc4 17. Nd3 b5 18. b3 Na3 19. Nc5 Qa5 20. f3 1/2-1/2

[Event "III Open A"]
[Site "Livigno ITA"]
[Date "2012.09.14"]
[Round "6"]
[White "Karl, Hans"]
[Black "Drazic, Sinisa"]
[WhiteElo "2141"]
[BlackElo "2511"]
[Result "0-1"]
[PlyCount "76"]
[EventDate "2012.09.10"]

1. d4 d5 2. c4 dxc4 3. Nf3 Nf6 4. Nc3 a6 5. a4 Nc6 6. e4 Na5 7. Ne5 c5 8. d5 e6
9. Nxc4 exd5 10. exd5 Nxc4 11. Bxc4 Bd6 12. Qe2+ Qe7 13. Qxe7+ Kxe7 14. Bg5 h6
15. Bh4 Bf5 16. O-O g5 17. Bg3 Kd7 18. Bxd6 Kxd6 19. f4 g4 20. Rfe1 Rhe8 21.
Kf2 Ne4+ 22. Nxe4+ Rxe4 23. Rxe4 Bxe4 24. Ra3 f5 25. a5 Rd8 26. Ra1 h5 27. Rd1
h4 28. Rd2 Re8 29. Re2 Rg8 30. Re3 Rg6 31. Rc3 Rf6 32. Rc1 Rh6 33. Rc3 Rg6 34.
Re3 Rg7 35. Rc3 Rd7 36. Bd3 Kxd5 37. Bxe4+ Kxe4 38. Rxc5 Rd2+ 0-1

[Event "III Open A"]
[Site "Livigno ITA"]
[Date "2012.09.14"]
[Round "6"]
[White "Kilpatrick, Callum"]
[Black "Neelotpal, Das"]
[WhiteElo "2330"]
[BlackElo "2473"]
[Result "0-1"]
[PlyCount "92"]
[EventDate "2012.09.10"]

1. e4 e5 2. Nf3 Nc6 3. Bb5 a6 4. Ba4 Nf6 5. O-O Be7 6. d3 b5 7. Bb3 d6 8. a4
Bd7 9. c3 O-O 10. Nbd2 h6 11. Re1 Re8 12. Nf1 Bf8 13. Ng3 Na5 14. Bc2 c5 15. h3
Nc6 16. axb5 axb5 17. Rxa8 Qxa8 18. Nh2 b4 19. Ng4 Nxg4 20. hxg4 Qa1 21. cxb4
Nxb4 22. Nf5 Be6 23. Ne3 Rb8 24. g3 Be7 25. f4 exf4 26. gxf4 Bf6 27. g5 Bd4 28.
Kf1 hxg5 29. f5 Ba2 30. Qh5 Bxe3 31. Ke2 Qxc1 32. Rxc1 Bxc1 33. Kd1 Bxb2 34.
Qxg5 Bf6 35. Qg3 Be5 36. Qh4 Nc6 37. Ba4 Nd4 38. Qe7 Rb1+ 39. Kd2 Bf4+ 40. Kc3
Ne2+ 41. Kc2 Rb4 42. Qd8+ Kh7 43. Qh4+ Bh6 44. Be8 Nd4+ 45. Kc3 Rb3+ 46. Kc4
Ra3# 0-1

[Event "III Open A"]
[Site "Livigno ITA"]
[Date "2012.09.14"]
[Round "6"]
[White "Marholev, Dimitar"]
[Black "Pogan, Nikolas"]
[WhiteElo "2340"]
[BlackElo "2240"]
[Result "1/2-1/2"]
[PlyCount "90"]
[EventDate "2012.09.10"]

1. e4 c6 2. d4 d5 3. Nd2 dxe4 4. Nxe4 Nd7 5. Nf3 Ngf6 6. Ned2 e6 7. Nc4 Be7 8.
Bd3 O-O 9. O-O c5 10. c3 b6 11. Re1 Bb7 12. Nce5 cxd4 13. cxd4 Nxe5 14. dxe5
Nd5 15. a3 Rc8 16. Qe2 Qd7 17. Bd2 Rfd8 18. Rad1 Qa4 19. Ng5 Bxg5 20. Bxg5 Nf4
21. Qg4 Rd4 22. Bxh7+ Kxh7 23. Rxd4 Qxd4 24. Qxf4 Qxf4 25. Bxf4 Rc2 26. Bc1 Bd5
27. b4 a5 28. Be3 axb4 29. axb4 Rb2 30. Bxb6 Rxb4 31. Bc7 Rc4 32. Bd6 Rg4 33.
g3 Re4 34. Ra1 Re2 35. h3 Kg6 36. Rc1 Rb2 37. Bc5 Re2 38. Be3 Kf5 39. Kf1 Rb2
40. Bf4 Be4 41. Rc3 Bd5 42. f3 Rb3 43. Rxb3 Bxb3 44. Kf2 Bc4 45. h4 f6 1/2-1/2

[Event "III Open A"]
[Site "Livigno ITA"]
[Date "2012.09.14"]
[Round "6"]
[White "Timoshenko, Georgy"]
[Black "Roy Chowdhury, Saptarshi"]
[WhiteElo "2518"]
[BlackElo "2419"]
[Result "1/2-1/2"]
[PlyCount "105"]
[EventDate "2012.09.10"]

1. d4 Nf6 2. c4 d6 3. Nc3 Bf5 4. Nf3 c6 5. Nh4 Bg6 6. Nxg6 hxg6 7. e4 Nbd7 8.
Be2 e5 9. Be3 Be7 10. g3 Qa5 11. O-O exd4 12. Qxd4 Ne5 13. f3 Qc7 14. Rf2 O-O
15. Rc1 Rfe8 16. Kg2 Bf8 17. h3 Ned7 18. Bf1 a5 19. b3 Nc5 20. Qd2 Nfd7 21. Rb1
Be7 22. Qc2 Ne6 23. Rd2 Rad8 24. Nd1 Bf6 25. Bf2 g5 26. Ne3 Be5 27. Rbd1 Nf6
28. a3 g6 29. b4 axb4 30. axb4 Kg7 31. Ng4 Nxg4 32. hxg4 b6 33. c5 dxc5 34.
Rxd8 Rxd8 35. Rxd8 Qxd8 36. Bc4 Nd4 37. Qd1 Qd6 38. Ba2 Qb8 39. bxc5 bxc5 40.
Qc1 Qa7 41. Qxg5 Bf6 42. Qd2 Qa3 43. Be3 Qa4 44. g5 Be5 45. Bf2 Qa3 46. Be3 Nc2
47. Qxc2 Qxe3 48. Qc4 Qd2+ 49. Kh3 Qd7+ 50. Kg2 Qd2+ 51. Kh3 Qd7+ 52. Kh4 Qe8
53. Kh3 1/2-1/2

[Event "III Open A"]
[Site "Livigno ITA"]
[Date "2012.09.14"]
[Round "6"]
[White "Valsecchi, Alessio"]
[Black "Codenotti, Marco"]
[WhiteElo "2427"]
[BlackElo "2334"]
[Result "1/2-1/2"]
[PlyCount "70"]
[EventDate "2012.09.10"]

1. e4 c5 2. Nf3 d6 3. c3 Nf6 4. Be2 Nc6 5. Qc2 Bg4 6. O-O Rc8 7. Na3 g6 8. Rd1
Bg7 9. d4 cxd4 10. Nxd4 Nxd4 11. Rxd4 Bxe2 12. Qxe2 Nd7 13. Rd1 O-O 14. Bg5 Nc5
15. Nb5 Qd7 16. Nxa7 Ra8 17. Nb5 Nxe4 18. Qxe4 Qxb5 19. Bc1 Qa4 20. Re1 e6 21.
Qxb7 d5 22. Qc7 Qc2 23. Qf4 Rfb8 24. Qf3 d4 25. cxd4 Bxd4 26. Qe2 Rc8 27. Kf1
Qf5 28. Rd1 Rc2 29. Rd2 Rxa2 30. Rxc2 Rxa1 31. Rc8+ Kg7 32. Qd2 Qb5+ 33. Kg1
Bxb2 34. Qh6+ Kf6 35. Qh4+ Kg7 1/2-1/2

[Event "III Open A"]
[Site "Livigno ITA"]
[Date "2012.09.14"]
[Round "6"]
[White "Wenninger, Philipp"]
[Black "Mertens, Klaus"]
[WhiteElo "2207"]
[BlackElo "2079"]
[Result "1-0"]
[PlyCount "90"]
[EventDate "2012.09.10"]

1. d4 Nf6 2. c4 e6 3. g3 d5 4. Nf3 c6 5. Bg2 Nbd7 6. Qc2 Bd6 7. O-O O-O 8. Nbd2
Re8 9. e4 Nxe4 10. Nxe4 dxe4 11. Qxe4 Nf6 12. Qe2 Qa5 13. Ne5 c5 14. dxc5 Qxc5
15. Bf4 a5 16. Rfd1 Ra6 17. Rac1 h6 18. h4 Nh7 19. Be4 Nf6 20. Bf3 g5 21. hxg5
hxg5 22. Nd3 Qf5 23. g4 Qh7 24. Bxd6 Rxd6 25. Qe5 Rxd3 26. Qxg5+ Kf8 27. Qxf6
Rxd1+ 28. Rxd1 Qg7 29. Qxg7+ Kxg7 30. Rd6 Kf6 31. Kg2 Ke5 32. Rb6 Rg8 33. Rb5+
Kf4 34. Rxa5 f5 35. Ra4 fxg4 36. c5+ Kf5 37. Be4+ Kf6 38. Kg3 e5 39. Rb4 Rh8
40. Rb6+ Ke7 41. Bxb7 Bf5 42. a4 e4 43. a5 Rh3+ 44. Kg2 g3 45. fxg3 e3 1-0

[Event "III Open A"]
[Site "Livigno ITA"]
[Date "2012.09.14"]
[Round "6"]
[White "Zhou, Yang-Fan"]
[Black "Sveshnikov, Evgeny E."]
[WhiteElo "2414"]
[BlackElo "2530"]
[Result "1-0"]
[PlyCount "75"]
[EventDate "2012.09.10"]

1. e4 c5 2. Nf3 Nc6 3. d4 cxd4 4. Nxd4 e5 5. Nb5 d6 6. N1c3 a6 7. Na3 b5 8. Nd5
Nge7 9. c4 Nxd5 10. exd5 Nd4 11. cxb5 Be7 12. Bd3 Bd7 13. O-O Nxb5 14. Nc4 O-O
15. a4 Nd4 16. Be3 Rb8 17. Bxd4 exd4 18. a5 Rb7 19. Nb6 Ra7 20. Qe2 Bf6 21.
Bxa6 Re8 22. Qd3 Re5 23. Nxd7 Qxd7 24. b4 Rxd5 25. Rfc1 g6 26. b5 Rc5 27. Rxc5
dxc5 28. b6 Ra8 29. Bb5 Qd6 30. b7 Rd8 31. a6 Qb6 32. Bc4 Be5 33. a7 Qxb7 34.
Qf3 Qxf3 35. gxf3 Ra8 36. Bd5 d3 37. Bxa8 Bxa1 38. Be4 1-0

[Event "III Open A"]
[Site "Livigno ITA"]
[Date "2012.09.14"]
[Round "6"]
[White "Zinchenko, Yaroslav"]
[Black "Cebalo, Miso"]
[WhiteElo "2528"]
[BlackElo "2424"]
[Result "1-0"]
[PlyCount "69"]
[EventDate "2012.09.10"]

1. e4 c5 2. Nf3 Nc6 3. d4 cxd4 4. Nxd4 g6 5. c4 Nf6 6. Nc3 Nxd4 7. Qxd4 d6 8.
Be2 Bg7 9. Be3 O-O 10. Qd2 a5 11. f3 a4 12. Rc1 Qa5 13. Rc2 Be6 14. Nd5 Nxd5
15. cxd5 Rfc8 16. Qxa5 Rxa5 17. Kd2 Rxc2+ 18. Kxc2 Bd7 19. Kb1 f5 20. Rc1 fxe4
21. fxe4 Bb5 22. Rc8+ Kf7 23. Bg4 Bd3+ 24. Ka1 Be5 25. Bh6 e6 26. dxe6+ Kf6 27.
Rc7 Bxh2 28. Rf7+ Ke5 29. e7 Bb5 30. e8=Q+ Bxe8 31. Re7+ Kd4 32. Rxe8 Be5 33.
Bd2 Rc5 34. Kb1 Kxe4 35. Bb4 1-0

[Event "III Open A"]
[Site "Livigno ITA"]
[Date "2012.09.15"]
[Round "7"]
[White "Bentivegna, Francesco"]
[Black "Timoshenko, Georgy"]
[WhiteElo "2319"]
[BlackElo "2518"]
[Result "1-0"]
[PlyCount "67"]
[EventDate "2012.09.10"]

1. e4 e6 2. d4 d5 3. e5 c5 4. Nf3 Nc6 5. Bd3 cxd4 6. O-O Nh6 7. Re1 Bd7 8. a3
f6 9. c4 dxc4 10. Bxc4 Nf7 11. exf6 Qxf6 12. Nbd2 Nd6 13. Ne4 Qg6 14. Nh4 Qf7
15. Bxe6 Qxe6 16. Nc5 Qxe1+ 17. Qxe1+ Be7 18. Bg5 b6 19. Bxe7 Nxe7 20. Nxd7
Kxd7 21. Nf3 Rhe8 22. Nxd4 Nef5 23. Qd1 Re5 24. Nxf5 Rxf5 25. Qa4+ b5 26. Qd4
Rg5 27. h4 Rg6 28. h5 Rf6 29. h6 Rg6 30. hxg7 a5 31. f4 Rg8 32. f5 R6xg7 33.
Rd1 Rxg2+ 34. Kh1 1-0

[Event "III Open A"]
[Site "Livigno ITA"]
[Date "2012.09.15"]
[Round "7"]
[White "Bruno, Fabio"]
[Black "Zinchenko, Yaroslav"]
[WhiteElo "2423"]
[BlackElo "2528"]
[Result "0-1"]
[PlyCount "126"]
[EventDate "2012.09.10"]

1. d4 Nf6 2. Nf3 g6 3. c4 Bg7 4. Nc3 d5 5. Bg5 Ne4 6. Bh4 Nxc3 7. bxc3 dxc4 8.
Qa4+ c6 9. Qxc4 Qa5 10. e3 Be6 11. Qd3 Nd7 12. Rc1 Qxa2 13. Be2 Rd8 14. O-O Nc5
15. Qd1 Bc4 16. Rc2 Qa6 17. Bxc4 Qxc4 18. Qb1 Nb3 19. Qa2 a5 20. Rb1 a4 21. Nd2
Nxd2 22. Rxd2 Qxc3 23. Rdd1 Rd7 24. Qxa4 O-O 25. Qa7 e5 26. Rdc1 Qd2 27. dxe5
Bxe5 28. Bg3 Rfd8 29. Rf1 Bxg3 30. hxg3 b5 31. Qb6 Rd6 32. Rfc1 Rf6 33. e4 Rd4
34. Rf1 Rxe4 35. Rbd1 Qe2 36. Rd8+ Re8 37. Rd7 Rfe6 38. Rdd1 Qe5 39. Rc1 Rb8
40. Qa5 Rbe8 41. Rc2 Qd4 42. Rd2 Qc5 43. Rd3 Qe7 44. Kh2 Re1 45. Rxe1 Qxe1 46.
Qb6 Qe5 47. Rd4 c5 48. Rf4 b4 49. Qb7 Re7 50. Qa8+ Kg7 51. Qa2 Rd7 52. f3 Qd5
53. Qb2+ Kg8 54. Re4 Rd8 55. Qf6 Rb8 56. Qf4 Qb7 57. Re5 Rc8 58. Qe3 c4 59. Re7
Qd5 60. Re5 Qd6 61. Qf4 Kg7 62. Qe4 c3 63. Rd5 Qxd5 0-1

[Event "III Open A"]
[Site "Livigno ITA"]
[Date "2012.09.15"]
[Round "7"]
[White "Castellanos Rodriguez, Renier"]
[Black "Volkov, Sergey"]
[WhiteElo "2491"]
[BlackElo "2043"]
[Result "1/2-1/2"]
[PlyCount "24"]
[EventDate "2012.09.10"]

1. e4 e6 2. d4 d5 3. Nd2 c5 4. exd5 Qxd5 5. dxc5 Bxc5 6. Ngf3 Nf6 7. Bc4 Qc6 8.
Qe2 Nbd7 9. O-O a6 10. a4 b6 11. Nb3 Bb7 12. Nxc5 bxc5 1/2-1/2

[Event "III Open A"]
[Site "Livigno ITA"]
[Date "2012.09.15"]
[Round "7"]
[White "Collutiis, Duilio"]
[Black "Franklin, Samuel G.A."]
[WhiteElo "2501"]
[BlackElo "2281"]
[Result "1/2-1/2"]
[PlyCount "26"]
[EventDate "2012.09.10"]

1. e4 e5 2. Nf3 Nc6 3. Nc3 Nf6 4. g3 Bc5 5. Bg2 d6 6. d3 a6 7. O-O O-O 8. Bg5
h6 9. Be3 Bxe3 10. fxe3 Be6 11. Nh4 Ne7 12. h3 c6 13. d4 d5 1/2-1/2

[Event "III Open A"]
[Site "Livigno ITA"]
[Date "2012.09.15"]
[Round "7"]
[White "David, Alberto"]
[Black "Vovk, Andrey"]
[WhiteElo "2599"]
[BlackElo "2549"]
[Result "1/2-1/2"]
[PlyCount "21"]
[EventDate "2012.09.10"]

1. g3 Nf6 2. Bg2 d5 3. Nf3 c6 4. O-O g6 5. b3 Bg7 6. Bb2 O-O 7. c4 Re8 8. Na3
Bg4 9. cxd5 Bxf3 10. Bxf3 cxd5 11. d4 1/2-1/2

[Event "III Open A"]
[Site "Livigno ITA"]
[Date "2012.09.15"]
[Round "7"]
[White "Drazic, Sinisa"]
[Black "Piscopo, Pierluigi"]
[WhiteElo "2511"]
[BlackElo "2381"]
[Result "1/2-1/2"]
[PlyCount "45"]
[EventDate "2012.09.10"]

1. d4 Nf6 2. c4 c5 3. d5 e6 4. Nc3 exd5 5. cxd5 d6 6. e4 g6 7. Bd3 Bg7 8. Nge2
O-O 9. O-O Re8 10. h3 Na6 11. Bg5 h6 12. Be3 Rb8 13. Qd2 b5 14. Bxh6 Bxh6 15.
Qxh6 c4 16. Bc2 b4 17. Nd1 Nxe4 18. Ne3 c3 19. bxc3 bxc3 20. Nxc3 Nxc3 21. Bxg6
fxg6 22. Qxg6+ Kh8 23. Qh6+ 1/2-1/2

[Event "III Open A"]
[Site "Livigno ITA"]
[Date "2012.09.15"]
[Round "7"]
[White "Jovanic, Ognjen"]
[Black "Satyapragyan, Swayangsu"]
[WhiteElo "2511"]
[BlackElo "2435"]
[Result "1/2-1/2"]
[PlyCount "111"]
[EventDate "2012.09.10"]

1. d4 Nf6 2. c4 e6 3. Nf3 c5 4. d5 exd5 5. cxd5 d6 6. Nc3 g6 7. Bf4 a6 8. a4
Bg7 9. h3 O-O 10. e3 Ne8 11. Be2 Nd7 12. O-O Qe7 13. a5 Rb8 14. Qc2 Nc7 15.
Rfd1 b5 16. axb6 Rxb6 17. Ra3 Nf6 18. Bg5 h6 19. Bxf6 Qxf6 20. Rb3 Nb5 21. Nd2
Bf5 22. Nce4 Qe5 23. g4 Bxe4 24. Qxe4 Qxe4 25. Nxe4 Rfb8 26. Nd2 R6b7 27. Kf1
Nc7 28. Rxb7 Rxb7 29. Nc4 Bf8 30. h4 Rb4 31. Ra1 Nxd5 32. Rxa6 Rb8 33. g5 hxg5
34. hxg5 Nb4 35. Ra7 Re8 36. Nb6 Re7 37. Ra8 Rb7 38. Nc4 Kg7 39. f4 Be7 40. e4
f6 41. gxf6+ Kxf6 42. Bf3 Rc7 43. Ke2 Kg7 44. Rb8 Bf8 45. e5 dxe5 46. fxe5 Rd7
47. Ne3 Be7 48. Ng4 Bg5 49. Be4 Nd5 50. Bxd5 Rxd5 51. Rb7+ Kf8 52. b3 Rd2+ 53.
Kf3 Rd3+ 54. Ke2 Rd2+ 55. Kf3 Rd3+ 56. Ke4 1/2-1/2

[Event "III Open A"]
[Site "Livigno ITA"]
[Date "2012.09.15"]
[Round "7"]
[White "Kilpatrick, Callum"]
[Black "Iasman, Inna"]
[WhiteElo "2330"]
[BlackElo "2002"]
[Result "1-0"]
[PlyCount "53"]
[EventDate "2012.09.10"]

1. e4 c6 2. Nc3 d5 3. Nf3 Bg4 4. h3 Bxf3 5. Qxf3 e6 6. Be2 Nf6 7. O-O Nbd7 8.
d4 Nxe4 9. Nxe4 dxe4 10. Qxe4 Nf6 11. Qd3 Bd6 12. b4 Nd5 13. b5 Qc7 14. bxc6
Qxc6 15. Qb3 O-O 16. c4 Nf4 17. Bf3 Qc7 18. c5 Be7 19. Qxb7 Qxb7 20. Bxb7 Ne2+
21. Kh1 Rab8 22. c6 Nxd4 23. Bf4 Nb5 24. Bxb8 Rxb8 25. Rfd1 Nd6 26. Rac1 Nc8
27. c7 1-0

[Event "III Open A"]
[Site "Livigno ITA"]
[Date "2012.09.15"]
[Round "7"]
[White "Kock, Hans-Uwe"]
[Black "Franciosi, Fausto"]
[WhiteElo "2038"]
[BlackElo "2074"]
[Result "0-1"]
[PlyCount "62"]
[EventDate "2012.09.10"]

1. d4 Nf6 2. c4 g6 3. Nc3 Bg7 4. e4 d6 5. h3 O-O 6. Be3 c5 7. d5 b5 8. cxb5 a6
9. Nf3 axb5 10. Bd3 Qa5 11. O-O Nbd7 12. Re1 c4 13. Bc2 b4 14. Ne2 Nc5 15. Nfd4
Bd7 16. f3 Rfb8 17. g4 Ra6 18. Kg2 Rba8 19. a3 Qb6 20. Nc6 Bxc6 21. dxc6 Qxc6
22. Nd4 Qb6 23. Qe2 bxa3 24. bxa3 Rxa3 25. Rxa3 Rxa3 26. Qxc4 Qa5 27. Rb1 Rxe3
28. Rb8+ Bf8 29. Nc6 Qd2+ 30. Kg3 Qe1+ 31. Kf4 Ne6+ 0-1

[Event "III Open A"]
[Site "Livigno ITA"]
[Date "2012.09.15"]
[Round "7"]
[White "Kravtsiv, Martyn"]
[Black "Zhou, Yang-Fan"]
[WhiteElo "2581"]
[BlackElo "2414"]
[Result "1-0"]
[PlyCount "69"]
[EventDate "2012.09.10"]

1. e4 c5 2. Nf3 d6 3. d4 cxd4 4. Nxd4 Nf6 5. Nc3 g6 6. Be3 a6 7. f3 b5 8. Qd2
Bb7 9. a4 e5 10. Nb3 b4 11. Nd5 Nxd5 12. exd5 Nd7 13. O-O-O Rb8 14. f4 Be7 15.
fxe5 Nxe5 16. Bh6 f5 17. Kb1 Kf7 18. Be2 Re8 19. h4 Bxh4 20. Nd4 Bf6 21. Rhf1
Kg8 22. g4 fxg4 23. Qf4 Nf7 24. Ne6 Qe7 25. Bxg4 Bc8 26. Rf3 Kh8 27. Rh1 Ne5
28. Rfh3 Nxg4 29. Bg7+ Qxg7 30. Nxg7 Kxg7 31. Rxh7+ Kg8 32. Qxd6 Bf5 33. Qc7
Rf8 34. Rh8+ Bxh8 35. Qh7# 1-0

[Event "III Open A"]
[Site "Livigno ITA"]
[Date "2012.09.15"]
[Round "7"]
[White "Krumm, Johannes"]
[Black "Tesic, Dragan"]
[WhiteElo "2033"]
[BlackElo "2348"]
[Result "0-1"]
[PlyCount "98"]
[EventDate "2012.09.10"]

1. e4 c5 2. Nf3 e6 3. c3 Nf6 4. e5 Nd5 5. Be2 b6 6. O-O Bb7 7. d4 cxd4 8. c4
Ne7 9. Nxd4 Ng6 10. Bf3 Qc8 11. Re1 Nc6 12. Nxc6 Bxc6 13. Nc3 Be7 14. b3 O-O
15. Bh5 Qb7 16. Bxg6 fxg6 17. Qg4 Rf5 18. f3 Raf8 19. Ne4 Rxe5 20. Bf4 Rh5 21.
Bg3 a6 22. Rad1 b5 23. cxb5 axb5 24. Bd6 Bxd6 25. Nxd6 Qa7+ 26. Kh1 Rd5 27.
Rxd5 Bxd5 28. a4 bxa4 29. bxa4 Qf2 30. Rc1 Qd2 31. Rf1 Bc6 32. Ne4 Qd3 33. Ra1
Qd4 34. Rb1 Qxa4 35. h3 Qa5 36. Rc1 Qf5 37. Qh4 Qf4 38. Qe1 h6 39. Nc5 Rf6 40.
Nd3 Qd6 41. Ne5 Kh7 42. Qc3 Ba4 43. Ra1 Rf4 44. Nd3 Rd4 45. Nf2 Bc6 46. Re1 h5
47. Ne4 Bxe4 48. fxe4 Rd3 49. Qa1 Qg3 0-1

[Event "III Open A"]
[Site "Livigno ITA"]
[Date "2012.09.15"]
[Round "7"]
[White "Mertens, Klaus"]
[Black "Hainke, Guntram"]
[WhiteElo "2079"]
[BlackElo "2318"]
[Result "0-1"]
[PlyCount "114"]
[EventDate "2012.09.10"]

1. Nf3 c5 2. c4 Nc6 3. g3 g6 4. Bg2 Bg7 5. O-O e6 6. e3 Nge7 7. Nc3 Nf5 8. d3
O-O 9. Ne1 Rb8 10. Nc2 a6 11. a4 Nb4 12. Rb1 d6 13. Qd2 Bd7 14. b3 Bc6 15. Nxb4
cxb4 16. Na2 a5 17. Bb2 Rc8 18. Nc1 Bxg2 19. Kxg2 d5 20. Bxg7 Kxg7 21. Qb2+ Qf6
22. Qxf6+ Kxf6 23. Ne2 dxc4 24. dxc4 e5 25. Rfd1 Rfd8 26. g4 Ng7 27. Ng3 h6 28.
Kf3 Ne6 29. Ne4+ Ke7 30. Ke2 f5 31. Ng3 Kf6 32. gxf5 gxf5 33. Rg1 e4 34. Nh5+
Kf7 35. Rg3 Rd3 36. Nf4 Nxf4+ 37. exf4 Rcd8 38. Rb2 Rd1 39. Rh3 Kg6 40. Rg3+
Kh7 41. Rh3 b6 42. Rh5 Kg6 43. Rh3 R8d6 44. Rg3+ Kh5 45. h3 R1d3 46. Rc2 Kh4
47. c5 Rc6 48. Rxd3 exd3+ 49. Kxd3 Rxc5 50. Rxc5 bxc5 51. Kc4 Kxh3 52. Kxc5 Kg4
53. Kb5 h5 54. Kxa5 h4 55. Kb6 h3 56. a5 h2 57. f3+ Kxf4 0-1

[Event "III Open A"]
[Site "Livigno ITA"]
[Date "2012.09.15"]
[Round "7"]
[White "Naumkin, Igor"]
[Black "Roy Chowdhury, Saptarshi"]
[WhiteElo "2473"]
[BlackElo "2419"]
[Result "1-0"]
[PlyCount "79"]
[EventDate "2012.09.10"]

1. d4 Nf6 2. c4 d6 3. Nc3 Nbd7 4. Nf3 e5 5. e4 Be7 6. Be2 O-O 7. O-O c6 8. d5
c5 9. Ne1 Ne8 10. Nd3 a6 11. a4 b6 12. b3 Bg5 13. Bb2 Bh6 14. Kh1 Qe7 15. g3
Rb8 16. Qc2 f5 17. exf5 e4 18. Nf4 Bxf4 19. gxf4 Ndf6 20. Nd1 Bxf5 21. Ne3 Qd7
22. Rg1 h6 23. Rg3 Rb7 24. Rag1 Qc8 25. Qc3 Re7 26. b4 Bd7 27. a5 bxa5 28. bxc5
Qxc5 29. Ba3 Qc7 30. Qd4 Bc8 31. Rg6 Qa7 32. Qc3 h5 33. f5 Qc7 34. Bb2 Re5 35.
R6g5 Nh7 36. Rxh5 Nef6 37. Rh4 Bxf5 38. Nxf5 Rxf5 39. Rxh7 Kxh7 40. Qh3+ 1-0

[Event "III Open A"]
[Site "Livigno ITA"]
[Date "2012.09.15"]
[Round "7"]
[White "Neelotpal, Das"]
[Black "Stella, Andrea"]
[WhiteElo "2473"]
[BlackElo "2456"]
[Result "1/2-1/2"]
[PlyCount "101"]
[EventDate "2012.09.10"]

1. c4 Nf6 2. Nc3 c5 3. g3 e6 4. Nf3 b6 5. Bg2 Bb7 6. O-O Be7 7. b3 d6 8. Bb2
O-O 9. e3 Nbd7 10. Qe2 a6 11. Rfd1 Qc7 12. d4 Ne4 13. Nxe4 Bxe4 14. Ne1 Bxg2
15. Nxg2 Nf6 16. e4 cxd4 17. Bxd4 Qb7 18. f3 b5 19. Ne3 bxc4 20. Qxc4 Rfc8 21.
Qe2 Qb5 22. Rd3 a5 23. a4 Qa6 24. Rad1 e5 25. Bb2 Nd7 26. Ba3 Rab8 27. Nf5 Bf8
28. Kf1 Rc6 29. Nxd6 g6 30. Nb5 Bxa3 31. Rxd7 Bb4 32. Rd8+ Rxd8 33. Rxd8+ Kg7
34. Kg2 Qb6 35. Rd5 Rc1 36. Rd1 Qc5 37. Rxc1 Qxc1 38. Qd3 Bc5 39. Nc3 Qg1+ 40.
Kh3 Bd4 41. Nd5 Qf2 42. b4 Qb2 43. Qa6 Bg1 44. Qf6+ Kg8 45. Qd8+ Kg7 46. Qf6+
Kg8 47. Kg4 axb4 48. Qd8+ Kg7 49. Qf6+ Kg8 50. Qd8+ Kg7 51. Qf6+ 1/2-1/2

[Event "III Open A"]
[Site "Livigno ITA"]
[Date "2012.09.15"]
[Round "7"]
[White "Polak, Tomas"]
[Black "Bove, Alessandro"]
[WhiteElo "2522"]
[BlackElo "2367"]
[Result "1-0"]
[PlyCount "105"]
[EventDate "2012.09.10"]

1. d4 Nf6 2. c4 e6 3. Nf3 d5 4. Nc3 dxc4 5. e3 a6 6. Bxc4 b5 7. Bd3 c5 8. O-O
Bb7 9. a4 b4 10. Nb1 Nc6 11. Re1 cxd4 12. exd4 Be7 13. Be3 O-O 14. Nbd2 e5 15.
Bg5 Nxd4 16. Nxe5 Ne6 17. Ndf3 Nxg5 18. Nxg5 Qd5 19. Ngf3 Bc5 20. Qc2 Bb6 21.
Bc4 Qc5 22. Ng5 Bd5 23. Nd7 Qxf2+ 24. Qxf2 Bxf2+ 25. Kxf2 Bxc4 26. Nxf8 Kxf8
27. Ne4 a5 28. Nxf6 gxf6 29. Rac1 Bb3 30. Rc5 Kg7 31. g3 Kg6 32. Kf3 Ra6 33.
Kf4 Ra8 34. h4 Ra6 35. Re8 Kg7 36. Rcc8 Bxa4 37. Rg8+ Kh6 38. Ra8 Rxa8 39. Rxa8
Bd7 40. Rxa5 Be6 41. Rb5 b3 42. Ke3 Bc4 43. Rc5 Be6 44. Kd4 Kg6 45. Rb5 f5 46.
Ke5 Kh5 47. Rb4 Kg6 48. Rb8 Kg7 49. Rd8 Kg6 50. Rg8+ Kh6 51. Rg5 Bd7 52. Kf6
Be6 53. Ke7 1-0

[Event "III Open A"]
[Site "Livigno ITA"]
[Date "2012.09.15"]
[Round "7"]
[White "Sharma, Dinesh K."]
[Black "Formento, Paolo"]
[WhiteElo "2361"]
[BlackElo "2147"]
[Result "1-0"]
[PlyCount "107"]
[EventDate "2012.09.10"]

1. e4 e6 2. d4 d5 3. Nd2 Nf6 4. e5 Nfd7 5. f4 c5 6. c3 Nc6 7. Ndf3 Qb6 8. a3
Be7 9. h4 cxd4 10. cxd4 Na5 11. Ne2 Nb3 12. Rb1 Nb8 13. Be3 Bd7 14. Nc3 Bc6 15.
Bd3 Na6 16. O-O Nc7 17. h5 a6 18. Bf2 Bd7 19. Kh2 g6 20. Qc2 O-O-O 21. Rg1 Kb8
22. Rbf1 gxh5 23. Bxh7 f5 24. exf6 Bxf6 25. Ne5 Bxe5 26. dxe5 d4 27. Bd3 Rc8
28. Qd1 Rhf8 29. Bc4 Na5 30. Bxd4 Qc6 31. Bd3 Nd5 32. Nxd5 Qxd5 33. Bc3 Nc6 34.
Be2 Qe4 35. Bd3 Qe3 36. Qe2 Qc5 37. g3 Qe7 38. Be4 Qg7 39. Rf2 Qh6 40. Qe3 Rf7
41. Qd2 Rg8 42. f5 Qxd2 43. Rxd2 Rg4 44. Re1 h4 45. f6 hxg3+ 46. Kh3 Rg5 47.
Kh4 Rg8 48. Rg1 Na7 49. Rxg3 Rh8+ 50. Kg5 Bc6 51. Bg6 Rff8 52. Bb4 Rd8 53.
Rxd8+ Rxd8 54. f7 1-0

[Event "III Open A"]
[Site "Livigno ITA"]
[Date "2012.09.15"]
[Round "7"]
[White "Simoncini, Francesco"]
[Black "Karl, Hans"]
[WhiteElo "1961"]
[BlackElo "2141"]
[Result "0-1"]
[PlyCount "122"]
[EventDate "2012.09.10"]

1. c4 e5 2. g3 Nf6 3. Bg2 Bc5 4. d3 c6 5. Nc3 O-O 6. Nf3 Re8 7. O-O d6 8. a3 a5
9. e3 Bg4 10. h3 Bf5 11. g4 Bxd3 12. Qxd3 e4 13. Qc2 exf3 14. Bxf3 Nbd7 15. Bg2
h5 16. g5 Nh7 17. h4 Ne5 18. Ne4 Ng6 19. Nxc5 dxc5 20. Be4 Nhf8 21. Bxg6 Nxg6
22. Qe2 Qd7 23. Kh2 Re4 24. f4 Rd8 25. Qxh5 Rxc4 26. Rf2 Qd1 27. Qe2 Qxe2 28.
Rxe2 Rd1 29. h5 Nf8 30. Rd2 Rdxc1 31. Rxc1 Rxc1 32. f5 Rf1 33. e4 Re1 34. Kg3
Rxe4 35. Rd8 Re1 36. Rb8 Re3+ 37. Kg4 Rb3 38. h6 gxh6 39. gxh6 Rxb2 40. h7+
Kxh7 41. Rxf8 Kg7 42. Ra8 c4 43. Rxa5 Rb5 44. Ra4 Rc5 45. Rb4 c3 46. Rb1 c2 47.
Rc1 Kf6 48. Kf4 b5 49. Ke4 Rc4+ 50. Kd3 Kxf5 51. a4 Ke5 52. a5 Ra4 53. Rxc2 Kd5
54. Rc1 Rxa5 55. Rf1 Ra3+ 56. Kc2 Ra7 57. Kc3 Kc5 58. Rf5+ Kb6 59. Rf6 Ra3+ 60.
Kb4 Re3 61. Rg6 Re4+ 0-1

[Event "III Open A"]
[Site "Livigno ITA"]
[Date "2012.09.15"]
[Round "7"]
[White "Sreeves, Clement"]
[Black "Marholev, Dimitar"]
[WhiteElo "2220"]
[BlackElo "2340"]
[Result "1/2-1/2"]
[PlyCount "163"]
[EventDate "2012.09.10"]

1. e4 e5 2. Nf3 Nc6 3. Bb5 g6 4. c3 a6 5. Bc4 d6 6. d4 Qe7 7. O-O Bg7 8. dxe5
Nxe5 9. Nxe5 dxe5 10. b3 Nf6 11. Nd2 O-O 12. a4 Rd8 13. Qe2 Nh5 14. g3 Bh3 15.
Rd1 Bh6 16. Ba3 Qf6 17. Nf1 Rxd1 18. Qxd1 Rd8 19. Qe2 Be6 20. Bxe6 Qxe6 21. Rd1
Re8 22. c4 Nf6 23. Ne3 Bxe3 24. Qxe3 h5 25. Kg2 h4 26. Qh6 Nxe4 27. Qxh4 Qc6
28. Kg1 Nf6 29. Rd3 a5 30. Qg5 b6 31. Qe3 Qe6 32. Qd2 Ne4 33. Qe3 Qf5 34. Rd5
Nf6 35. Rd1 Qc2 36. Re1 Qf5 37. Bb2 Ng4 38. Qe2 e4 39. h3 Ne5 40. Kg2 Nf3 41.
Rd1 f6 42. Rd5 Qe6 43. Qe3 Kg7 44. Qf4 Re7 45. Bc3 g5 46. Qf5 Qxf5 47. Rxf5 Re6
48. c5 Kg6 49. Rd5 Rc6 50. Kf1 bxc5 51. Bxa5 c4 52. bxc4 Rxc4 53. Rd1 Rxa4 54.
Bxc7 Ra2 55. Bb6 Nd2+ 56. Kg1 f5 57. Rc1 f4 58. g4 Rb2 59. Ba7 Rb7 60. Rc6+ Kf7
61. Bb6 Rd7 62. Rc7 Rxc7 63. Bxc7 Ke6 64. Kg2 Nf3 65. Bd8 Kd5 66. Kf1 Kc4 67.
Ba5 Kd3 68. Bb4 Kc2 69. Ke2 Nd4+ 70. Ke1 Kd3 71. Ba5 e3 72. fxe3 fxe3 73. Kf1
Nc2 74. Kg2 e2 75. h4 gxh4 76. g5 e1=Q 77. Bxe1 Nxe1+ 78. Kh3 Nf3 79. g6 Ng5+
80. Kxh4 Ne6 81. g7 Nxg7 82. Kg5 1/2-1/2